000 00752cam a22002292 4500
001 0000019558
005 20151217154433.0
008 110110s xx 000 0 eng d
020 _a1405840507
040 _aKABU
_cKABU
100 1 _aMcEldowney, John F.
_@0000170243
245 1 0 _aEnvironmental law /
_cJohn F. McEldowney, Sharron McEldowney.
250 _a1st ed.
260 _aHarlow, England :
_bPearson,
_c2010.
300 _axxviii, 391 p.
650 0 _aEnvironmental law
_zGreat Britain.
_@0000170244
650 0 _aPollution
_xLaw and legislation
_zGreat Britain.
_@0000170245
700 1 _aMcEldowney, Sharron.
_@0000170246
852 1 _9p1440 KES
908 _a110110
950 _@1
999 _c11251
_d11251